书目信息 |
| 书名: | Fathers and songs | |
| 作者: | Ralph E.Matlaw. | |
| 分册号: | ||
| 分册名: | 出版地: | NEW YORK : |
|
| 出版社: | W.W.Norton & Company | |
| 出版时间: | 1498.09. | |
| 页数: | 345 p. ; | |
| 开本: | 21cm. | |
| 丛书名: | ||
| 中图分类号: | ||
| 科图分类号: | ||
| 其他分类号: | I512.4 | |
| 主题词: | ||
| 电子资源: | ||
| 000 | 00469nam 2200145 a 4500 | |
| 001 | E0456433041 | |
| 005 | 2004121515403304 | |
| 008 | 041215s1498 00010 eng | |
| 020 | @a0-393-95795-0 :@cRMB 12.00. | |
| 040 | @aPFT@beng | |
| 090 | @aI512.4 | |
| 099 | @dI512.4@eM425 | |
| 245 | @aFathers and songs :@bthe author on the novel contemporary reactions essays in criticism / @cRalph E.Matlaw. | |
| 260 | @aNEW YORK :@bW.W.Norton & Company,@c1498.09. | |
| 300 | @a345 p. ;@c21cm. | |
| Fathers and songs : : the author on the novel contemporary reactions essays in criticism / / Ralph E.Matlaw.-NEW YORK : : W.W.Norton & Company, , 1498.09. |
| 345 p. ; ; 21cm. |
| ISBN 0-393-95795-0 :RMB 12.00. |
| ● |
| 相关链接 |
|
|
|
正题名:Fathers and songs
索取号:I512.4/M425
 
预约/预借
| 序号 | 登录号 | 条形码 | 馆藏地/架位号 | 状态 | 备注 |
| 1 | 04294 | 300042941 | 文学库116/400A自科库 15排3列2层/ [索取号:I512.4/M425] | 在馆 | |
| 2 | 04665 | 300046652 | 文学库116/400A自科库 15排3列2层/ [索取号:I512.4/M425] | 在馆 | |
| 3 | 04666 | 300046661 | 文学库116/400A自科库 19排2列5层/ [索取号:I512.4/M425] | 在馆 | |
| 4 | 04877 | 300048776 | 文学库116/400A自科库 15排3列2层/ [索取号:I512.4/M425] | 在馆 |